[Event "13sen.WMH 2003 Senioren"]
[Site "Bad Zwischenahn(17.11.-29.11.2003)"]
[Date "2003.??.??"]
[Round "9.1"]
[White "Donchenko, Anatoli"]
[Black "Asmundsson, Ingvar"]
[Result "1-0"]
[WhiteElo "2378"]
[BlackElo "2402"]
[PlyCount "61"]


1. d4 f5 2. g3 e6 3. Bg2 Nf6 4. Nh3 Be7 5. O-O O-O 6. c4 d6 7. b3 c6 8. Bb2 Qc7
9. Nd2 e5 10. e4 exd4 11. Bxd4 Nxe4 12. Nxe4 fxe4 13. Bxe4 Bf6 14. Nf4 Na6 15.
Bxf6 Rxf6 16. Qh5 g6 17. Qe2 Nc5 18. Bg2 a5 19. Qb2 Qf7 20. Rad1 Bg4 21. Rd4
Bf5 22. h4 Rd8 23. Rfd1 Bc8 24. Qc3 Qc7 25. a3 Kf7 26. Bd5+ Kg7 27. b4 axb4 28.
axb4 Na6 29. Be6 Kh6 30. Bxc8 Qxc8 31. Qe3 1-0

[Event "13sen.WMH 2003 Senioren"]
[Site "Bad Zwischenahn(17.11.-29.11.2003)"]
[Date "2003.??.??"]
[Round "9.2"]
[White "Chepukaitis, Genrikh"]
[Black "Shabanov, Yuri"]
[Result "0-1"]
[WhiteElo "2420"]
[BlackElo "2443"]
[PlyCount "164"]


1. e4 c5 2. Nf3 Nc6 3. Bb5 d6 4. d4 cxd4 5. Nxd4 Bd7 6. c4 Nf6 7. Nc3 g6 8. f3
Nxd4 9. Qxd4 Bg7 10. Bxd7+ Qxd7 11. Be3 O-O 12. Qd2 Rfc8 13. b3 b5 14. e5 b4
15. Ne2 Ne8 16. Qxb4 Bxe5 17. Rd1 a5 18. Qd2 a4 19. Bd4 Bxd4 20. Nxd4 axb3 21.
axb3 d5 22. Ne2 Qb7 23. cxd5 Qxb3 24. O-O Ra2 25. Nc1 Qb6+ 26. Qd4 Qxd4+ 27.
Rxd4 Rb2 28. Nd3 Rd2 29. Rf2 Rcc2 30. Rxd2 Rxd2 31. g4 Nd6 32. Kf1 Nb5 33. Rb4
Rxd3 34. Rxb5 Rxf3+ 35. Kg2 Rd3 36. g5 Kg7 37. h4 f6 38. Kf2 Kf7 39. Ra5 Rh3
40. Ra4 fxg5 41. hxg5 Rh5 42. Rg4 Ke8 43. Kf3 Kd7 44. Rg1 Kd6 45. Kf4 Kxd5 46.
Re1 Kd6 47. Kg4 Kd7 48. Rd1+ Ke8 49. Rf1 Rh2 50. Kg3 Re2 51. Rh1 Kf7 52. Kf3
Re5 53. Kf4 Rf5+ 54. Kg4 Kg7 55. Rh2 Rf1 56. Re2 Kf7 57. Re3 e6 58. Re2 Ke7 59.
Ra2 Rg1+ 60. Kh4 e5 61. Ra6 Rd1 62. Kg4 Rd6 63. Ra8 Rd4+ 64. Kg3 Ke6 65. Rf8
Rf4 66. Rh8 Kf5 67. Rxh7 Kxg5 68. Re7 Kf6 69. Re8 Ra4 70. Kf3 Kf5 71. Rf8+ Kg5
72. Re8 e4+ 73. Kg3 Ra3+ 74. Kf2 Kf4 75. Rf8+ Kg4 76. Re8 e3+ 77. Kg2 Ra2+ 78.
Kf1 Rf2+ 79. Ke1 Rf3 80. Ke2 g5 81. Rg8 Rf5 82. Re8 Kh4 0-1

[Event "13sen.WMH 2003 Senioren"]
[Site "Bad Zwischenahn(17.11.-29.11.2003)"]
[Date "2003.??.??"]
[Round "9.3"]
[White "Boehnisch, Manfred"]
[Black "Klovans, Janis"]
[Result "0-1"]
[WhiteElo "2350"]
[BlackElo "2465"]
[PlyCount "80"]


1. e4 c5 2. Nf3 Nc6 3. Bb5 g6 4. O-O Bg7 5. c3 Nf6 6. e5 Nd5 7. d4 cxd4 8. cxd4
O-O 9. Nc3 Nc7 10. Bf4 Nxb5 11. Nxb5 a6 12. Nc3 d6 13. exd6 Bg4 14. h3 Bxf3 15.
Qxf3 exd6 16. d5 Ne5 17. Bxe5 Bxe5 18. Rab1 Rc8 19. Rfc1 Qa5 20. Rc2 Rc4 21.
Re2 Rfc8 22. Re4 Rxe4 23. Qxe4 b5 24. Qg4 Rc4 25. Qe2 Bxc3 26. bxc3 Qxc3 27.
Qe8+ Kg7 28. Re1 Qd4 29. Qa8 Rc2 30. Rf1 Rxa2 31. Qc6 b4 32. Qxd6 b3 33. Kh2 b2
34. Rd1 Qxf2 35. Rb1 Qf6 36. Qb8 Qd4 37. Qb3 Qf4+ 38. g3 Qf2+ 39. Kh1 Ra1 40.
Qc3+ Qf6 0-1

[Event "13sen.WMH 2003 Senioren"]
[Site "Bad Zwischenahn(17.11.-29.11.2003)"]
[Date "2003.??.??"]
[Round "9.5"]
[White "Taimanow, Mark"]
[Black "Litvinov, Vladimir"]
[Result "0-1"]
[WhiteElo "2382"]
[BlackElo "2370"]
[PlyCount "80"]


1. c4 Nf6 2. Nc3 c6 3. Nf3 d5 4. e3 e6 5. b3 Nbd7 6. Bb2 Bd6 7. Be2 a6 8. d4 b5
9. O-O O-O 10. Rc1 Bb7 11. Qc2 Rc8 12. Rfd1 b4 13. Na4 c5 14. dxc5 Nxc5 15.
Nxc5 Bxc5 16. Bd3 h6 17. Qe2 a5 18. Ne5 Qe7 19. Ng4 Ne4 20. Bxe4 dxe4 21. Nxh6+
Kh7 22. Ng4 f6 23. h3 e5 24. Rc2 Bc6 25. Nh2 f5 26. Rcd2 a4 27. Rd5 Bxd5 28.
Rxd5 Bd6 29. f4 exf4 30. Qh5+ Kg8 31. Rxf5 Rxf5 32. Qxf5 Rc5 33. Qg4 f3 34. Bd4
Bxh2+ 35. Kxh2 Rg5 36. Qc8+ Kh7 37. gxf3 exf3 38. Qc6 Rf5 39. e4 Qg5 40. Be3
Kg8 0-1

[Event "13sen.WMH 2003 Senioren"]
[Site "Bad Zwischenahn(17.11.-29.11.2003)"]
[Date "2003.??.??"]
[Round "9.6"]
[White "Reichenbach, Werner"]
[Black "Bukal, Vladimir"]
[Result "0-1"]
[WhiteElo "2294"]
[BlackElo "2428"]
[PlyCount "63"]


1. c4 c5 2. Nc3 g6 3. g3 Bg7 4. Bg2 Nc6 5. e3 e5 6. Nge2 Nge7 7. O-O d6 8. a3
O-O 9. Rb1 a5 10. d3 Rb8 11. Bd2 Be6 12. e4 Qd7 13. Qc1 f5 14. f3 Rf7 15. Qc2
h6 16. Nd5 b5 17. b3 g5 18. f4 gxf4 19. gxf4 Ng6 20. Kh1 Nh4 21. cxb5 Rxb5 22.
Rf2 Kh7 23. Be3 Nd4 24. Bxd4 cxd4 25. Ng3 Nxg2 26. Rxg2 Qb7 27. Rf2 Bxd5 28.
exd5 Rxd5 29. Kg1 exf4 30. Nh5 Be5 31. Rf3 Rb5 32. Rf2 0-1

[Event "13sen.WMH 2003 Senioren"]
[Site "Bad Zwischenahn(17.11.-29.11.2003)"]
[Date "2003.??.??"]
[Round "9.7"]
[White "Hecht, Hans-Joachim"]
[Black "Zakharchenko, Arnold"]
[Result "1/2-1/2"]
[WhiteElo "2384"]
[BlackElo "2331"]
[PlyCount "103"]


1. d4 f5 2. g3 Nf6 3. Bg2 e6 4. Nf3 Be7 5. O-O O-O 6. c4 d5 7. b3 c6 8. Nbd2
Nbd7 9. Ng5 Nb6 10. c5 Ne8 11. Ndf3 h6 12. Nh3 Nd7 13. Nf4 Rf6 14. Nd3 g5 15.
Bd2 Rf7 16. b4 Nef6 17. a4 Ne4 18. Nfe5 Rg7 19. Be1 Nxe5 20. Nxe5 Bd7 21. Qd3
g4 22. f3 Nf6 23. Bd2 h5 24. Bh6 Rh7 25. Bf4 Be8 26. b5 Nd7 27. h3 Nxe5 28.
Bxe5 gxh3 29. Bxh3 Bf6 30. bxc6 Bxe5 31. cxb7 Bxd4+ 32. Qxd4 Rxb7 33. Qe5 Bf7
34. e4 Qc7 35. Qxc7 Rxc7 36. exf5 exf5 37. Rac1 Be6 38. Rfe1 Kf7 39. Re5 Kf6
40. Rce1 Rc6 41. f4 h4 42. gxh4 Rh8 43. Bf1 a6 44. Bb5 axb5 45. axb5 Rxc5 46.
Rxe6+ Kf7 47. Re7+ Kg6 48. Kf2 Rxb5 49. h5+ Kh6 50. R7e6+ Kg7 51. Re7+ Kh6 52.
R7e6+ 1/2-1/2

[Event "13sen.WMH 2003 Senioren"]
[Site "Bad Zwischenahn(17.11.-29.11.2003)"]
[Date "2003.??.??"]
[Round "9.9"]
[White "Ivanets, Vladimir"]
[Black "Piankov, Evgenij"]
[Result "1-0"]
[WhiteElo "2270"]
[BlackElo "2299"]
[PlyCount "129"]


1. e4 g6 2. Nc3 Bg7 3. f4 c6 4. Nf3 d5 5. e5 Nh6 6. d3 f6 7. exf6 exf6 8. Be2
Qb6 9. d4 Bg4 10. h3 Bxf3 11. Bxf3 O-O 12. O-O Nf5 13. Ne2 Nd7 14. Bg4 Kh8 15.
Bxf5 gxf5 16. Ng3 Rg8 17. Nxf5 Bf8 18. c3 c5 19. Re1 cxd4 20. cxd4 Bb4 21. Bd2
Nf8 22. Bxb4 Qxb4 23. a3 Qxb2 24. Re2 Qb5 25. Nh6 Rg7 26. f5 Rc8 27. Qe1 Qd7
28. Qf2 Re8 29. Rae1 Ree7 30. Kh1 Qe8 31. Qf3 Rxe2 32. Rxe2 Qc8 33. Qe3 Rc7 34.
Qg3 Rc1+ 35. Kh2 Qc7 36. Qxc7 Rxc7 37. Re8 Kg7 38. Ng4 Kf7 39. Ra8 Nd7 40. Rxa7
Nb8 41. Ra5 Rd7 42. Ne3 Nc6 43. Rxd5 Rxd5 44. Nxd5 Nxd4 45. g4 b5 46. Nc3 Ke7
47. Kg3 Kd6 48. Kf4 h6 49. Ke4 Kc5 50. Kd3 Nf3 51. Ne4+ Kd5 52. Nxf6+ Ke5 53.
Nh5 Ng5 54. f6 Ke6 55. Kc3 Nxh3 56. Kb4 Nf2 57. Kxb5 Nxg4 58. a4 Ne5 59. a5 Kd7
60. a6 Kc7 61. Nf4 Kb8 62. Nd3 Nf7 63. Kb6 h5 64. Nf4 h4 65. a7+ 1-0

[Event "13sen.WMH 2003 Senioren"]
[Site "Bad Zwischenahn(17.11.-29.11.2003)"]
[Date "2003.??.??"]
[Round "9.10"]
[White "Zoltek, Tadeuz"]
[Black "Lieb, Harald"]
[Result "1-0"]
[WhiteElo "2294"]
[BlackElo "2273"]
[PlyCount "95"]


1. c4 e5 2. Nc3 Nc6 3. g3 g6 4. Bg2 Bg7 5. Nf3 Nge7 6. O-O O-O 7. d3 d6 8. Rb1
a5 9. a3 f5 10. Bd2 h6 11. b4 axb4 12. axb4 g5 13. b5 Nb8 14. Qb3 Be6 15. Bxg5
hxg5 16. Nxg5 Bc8 17. c5+ d5 18. Bxd5+ Nxd5 19. Qxd5+ Qxd5 20. Nxd5 Bf6 21.
Nxf6+ Rxf6 22. Ra1 Rxa1 23. Rxa1 Rf8 24. Ra8 Bd7 25. Ra7 Bc8 26. f4 exf4 27.
gxf4 c6 28. b6 Na6 29. d4 Nb4 30. Kf2 Re8 31. Ra3 Nd5 32. Rg3 Kf8 33. Nh7+ Kf7
34. Ng5+ Ke7 35. e3 Rg8 36. Kf3 Nf6 37. e4 fxe4+ 38. Nxe4 Rxg3+ 39. hxg3 Bg4+
40. Ke3 Nxe4 41. Kxe4 Ke6 42. d5+ cxd5+ 43. Kd4 Kd7 44. Kxd5 Ke7 45. Ke5 Bd7
46. f5 Ba4 47. g4 Bb5 48. g5 1-0

[Event "13sen.WMH 2003 Senioren"]
[Site "Bad Zwischenahn(17.11.-29.11.2003)"]
[Date "2003.??.??"]
[Round "9.11"]
[White "Uhlmann, Wolfgang"]
[Black "Dornieden, Manfred,Prof.Dr."]
[Result "1/2-1/2"]
[WhiteElo "2393"]
[BlackElo "2202"]
[PlyCount "51"]


1. c4 e5 2. Nc3 Nf6 3. Nf3 Nc6 4. g3 d5 5. cxd5 Nxd5 6. Bg2 Nb6 7. a3 Be6 8. d3
Be7 9. O-O O-O 10. b4 Nd4 11. Be3 Nxf3+ 12. Bxf3 c6 13. Ne4 Nd5 14. Bd2 Bh3 15.
Re1 f5 16. Nc3 Nxc3 17. Bxc3 Bf6 18. b5 e4 19. Qb3+ Qd5 20. Qxd5+ cxd5 21. Bxf6
Rxf6 22. Bg2 Bxg2 23. Kxg2 Rc8 24. Rac1 Rff8 25. f3 exd3 26. exd3 1/2-1/2

[Event "13sen.WMH 2003 Senioren"]
[Site "Bad Zwischenahn(17.11.-29.11.2003)"]
[Date "2003.??.??"]
[Round "9.12"]
[White "Sawadkuhi, Massoud Amir"]
[Black "Karasev, Vladimir"]
[Result "0-1"]
[WhiteElo "2211"]
[BlackElo "2409"]
[PlyCount "68"]


1. e4 c5 2. Nf3 e6 3. d4 cxd4 4. Nxd4 a6 5. Bd3 d5 6. exd5 Qxd5 7. O-O Nd7 8.
Be3 Ngf6 9. Nc3 Qe5 10. Be2 Bb4 11. Nf3 Qc7 12. Bd2 Bc5 13. Ng5 Ba7 14. Nce4
Nxe4 15. Nxe4 Nc5 16. Nxc5 Bxc5 17. b4 Bd6 18. h3 Be5 19. Rb1 O-O 20. a4 Bd7
21. b5 axb5 22. axb5 b6 23. Bd3 f5 24. Qe2 Ra4 25. Rb4 Rxb4 26. Bxb4 Rc8 27.
Qe3 Bh2+ 28. Kh1 Bf4 29. Qd4 Be5 30. Qe3 h6 31. Rd1 Ra8 32. Qf3 Re8 33. Qe2 Bc8
34. Bc4 Kh8 0-1

[Event "13sen.WMH 2003 Senioren"]
[Site "Bad Zwischenahn(17.11.-29.11.2003)"]
[Date "2003.??.??"]
[Round "9.14"]
[White "Krueger, Erich"]
[Black "Baumgartner, Heinz"]
[Result "0-1"]
[WhiteElo "2140"]
[BlackElo "2307"]
[PlyCount "54"]


1. d4 d5 2. c4 e6 3. Nc3 Nf6 4. cxd5 exd5 5. Bg5 Nbd7 6. e3 Be7 7. Qc2 O-O 8.
Bd3 Re8 9. Nf3 c6 10. O-O Nf8 11. h3 a6 12. Ne5 N6d7 13. Bxe7 Qxe7 14. Nxd7
Bxd7 15. Na4 Rad8 16. Nc5 Bc8 17. b4 Ng6 18. Rae1 Rd6 19. a4 Nh4 20. f4 b6 21.
Nxa6 Re6 22. Nb8 Bb7 23. Nxc6 Bxc6 24. Rc1 Bd7 25. Bxh7+ Kh8 26. f5 Rc6 27. Qf2
Kxh7 0-1

[Event "13sen.WMH 2003 Senioren"]
[Site "Bad Zwischenahn(17.11.-29.11.2003)"]
[Date "2003.??.??"]
[Round "9.15"]
[White "Hermann, Manfred[42Oldenb]"]
[Black "Karl, Hans[35SUI]"]
[Result "1/2-1/2"]
[WhiteElo "2281"]
[BlackElo "2280"]
[PlyCount "32"]


1. e4 e5 2. Nf3 Nc6 3. d4 exd4 4. Nxd4 Nf6 5. Nc3 Bb4 6. Nxc6 bxc6 7. Bd3 d5 8.
exd5 cxd5 9. O-O O-O 10. Bg5 c6 11. Na4 Re8 12. c4 Be6 13. Rc1 Be7 14. cxd5
Qxd5 15. Bxf6 Bxf6 16. Bc4 Qxd1 1/2-1/2

[Event "13sen.WMH 2003 Senioren"]
[Site "Bad Zwischenahn(17.11.-29.11.2003)"]
[Date "2003.??.??"]
[Round "9.16"]
[White "Bierwisch, Bernhard"]
[Black "Kraidman, Yair"]
[Result "1-0"]
[WhiteElo "2109"]
[BlackElo "2297"]
[PlyCount "45"]


1. e4 c5 2. Nf3 g6 3. d4 cxd4 4. Nxd4 Bg7 5. Nc3 Nc6 6. Be3 Nf6 7. Be2 O-O 8.
O-O d5 9. exd5 Nxd5 10. Nxd5 Nxd4 11. Bxd4 Qxd5 12. Bxg7 Qxd1 13. Raxd1 Kxg7
14. f4 Bf5 15. Bf3 Rad8 16. c3 b6 17. Kf2 h5 18. Rfe1 Kf6 19. h4 Bc2 20. Rc1
Bd3 21. Rcd1 Rd6 22. Rd2 Rfd8 23. Red1 1-0

[Event "13sen.WMH 2003 Senioren"]
[Site "Bad Zwischenahn(17.11.-29.11.2003)"]
[Date "2003.11.29"]
[Round "9.17"]
[White "Niebling, Ferdinand"]
[Black "Zhelesny, Stanislaw"]
[Result "0-1"]
[WhiteElo "2068"]
[BlackElo "2228"]
[PlyCount "66"]


1. e4 c6 2. d4 d5 3. e5 Bf5 4. h4 h5 5. c4 e6 6. Nc3 Be7 7. Nf3 Bg4 8. cxd5
exd5 9. Be2 Nd7 10. Ng5 Bxe2 11. Qxe2 Nf8 12. Be3 Qd7 13. O-O-O f6 14. Nf3
O-O-O 15. Qd3 Nh6 16. Bxh6 Rxh6 17. Rde1 Ng6 18. g3 fxe5 19. Nxe5 Nxe5 20. dxe5
d4 21. Ne4 c5 22. Kb1 b5 23. f4 c4 24. Qf3 b4 25. f5 Ra6 26. Rc1 c3 27. Rh2 Qd5
28. bxc3 bxc3 29. Ng5 Rb6+ 30. Ka1 Ba3 31. Re1 Qxf3 32. Nxf3 d3 33. e6 c2 0-1

[Event "13sen.WMH 2003 Senioren"]
[Site "Bad Zwischenahn(17.11.-29.11.2003)"]
[Date "2003.??.??"]
[Round "9.18"]
[White "Limberg, Siegfried"]
[Black "Ljubarskij, Jurij"]
[Result "1/2-1/2"]
[WhiteElo "2035"]
[BlackElo "2212"]
[PlyCount "74"]


1. d4 d6 2. Bg5 Nd7 3. Nd2 Ngf6 4. Ngf3 e5 5. dxe5 dxe5 6. e4 Bc5 7. Bc4 c6 8.
c3 Qb6 9. O-O Qxb2 10. Rc1 Qb6 11. Bxf6 gxf6 12. Nh4 Nf8 13. Qf3 Be7 14. Rfd1
Be6 15. Nf5 Bxf5 16. Qxf5 Ng6 17. Bb3 Rd8 18. Nc4 Rxd1+ 19. Rxd1 Qc7 20. Ne3 h5
21. g3 b5 22. h4 a5 23. a4 b4 24. cxb4 axb4 25. a5 Kf8 26. a6 Kg7 27. Qf3 Qa7
28. Nf5+ Kg8 29. Qe2 Nf8 30. Re1 Bc5 31. Rc1 Ne6 32. Bxe6 fxe6 33. Qc2 exf5 34.
Qxc5 Qxc5 35. Rxc5 fxe4 36. Rxc6 Kf7 37. Rb6 Ra8 1/2-1/2

[Event "13sen.WMH 2003 Senioren"]
[Site "Bad Zwischenahn(17.11.-29.11.2003)"]
[Date "2003.??.??"]
[Round "9.19"]
[White "Semasev, Kim"]
[Black "Stuerzenbaum, Arthur"]
[Result "1/2-1/2"]
[WhiteElo "2269"]
[BlackElo "2186"]
[PlyCount "28"]


1. e4 d5 2. exd5 Qxd5 3. Nc3 Qa5 4. d4 Nf6 5. Bc4 Bg4 6. Nge2 e6 7. f3 Bf5 8.
g4 Bg6 9. h4 h6 10. Nf4 Bh7 11. Bd2 Nc6 12. Bb5 O-O-O 13. Bxc6 bxc6 14. Be3 Bb4
1/2-1/2

[Event "13sen.WMH 2003 Senioren"]
[Site "Bad Zwischenahn(17.11.-29.11.2003)"]
[Date "2003.11.29"]
[Round "9.20"]
[White "Opl, Klaus,Dr."]
[Black "Ballon, Guenther Jan"]
[Result "1-0"]
[WhiteElo "2258"]
[BlackElo "2156"]
[PlyCount "129"]


1. d4 d5 2. c4 c6 3. Nc3 Nf6 4. Nf3 e6 5. e3 Nbd7 6. Qc2 Bd6 7. Bd3 O-O 8. O-O
dxc4 9. Bxc4 e5 10. Bd2 exd4 11. exd4 Nb6 12. Bb3 h6 13. Rae1 Nbd5 14. Nxd5
Nxd5 15. Ne5 Qb6 16. Qe4 Be6 17. Qh4 Be7 18. Qg3 Qxd4 19. Bxh6 Bf6 20. Bc1 Rad8
21. Bc2 Qh4 22. Qxh4 Bxh4 23. Ng6 fxg6 24. Rxe6 Nb4 25. Bb3 Nd5 26. Rxg6 Bf6
27. Rg3 Rfe8 28. Rd1 Re4 29. Rgd3 Rde8 30. Kf1 Re2 31. Re3 R2xe3 32. fxe3 Kf8
33. Bxd5 cxd5 34. b3 Rc8 35. Ba3+ Ke8 36. Ke2 Rc2+ 37. Rd2 Rxd2+ 38. Kxd2 Be5
39. h3 a6 40. Bc5 g6 41. Bd4 Bd6 42. Ke2 Kf7 43. Kf3 Ke6 44. Kg4 Kf7 45. h4 Be7
46. Kh3 Ke6 47. g4 Bd6 48. h5 gxh5 49. gxh5 Kf5 50. h6 Kg6 51. Kg4 Bc7 52. Bg7
Bd6 53. Kf3 Bc7 54. Ke2 Bd6 55. Kd3 Bc5 56. e4 dxe4+ 57. Kxe4 Bf2 58. Kd5 Be3
59. Kd6 Bf4+ 60. Kd7 b5 61. Kc6 Be3 62. Kb7 a5 63. Ka6 a4 64. Kxb5 axb3 65.
axb3 1-0

[Event "13sen.WMH 2003 Senioren"]
[Site "Bad Zwischenahn(17.11.-29.11.2003)"]
[Date "2003.11.29"]
[Round "9.21"]
[White "Rosen, Willy"]
[Black "Potthammel, Joerg"]
[Result "1-0"]
[WhiteElo "2222"]
[BlackElo "1972"]
[PlyCount "41"]


1. e4 c6 2. d4 d5 3. e5 Bf5 4. Nc3 e6 5. g4 Bg6 6. Nge2 c5 7. h4 Nc6 8. h5 Be4
9. Rh3 Qb6 10. Be3 h6 11. a4 Bh7 12. Nb5 Nb4 13. Rc1 Na2 14. dxc5 Bxc5 15. Ra1
Bxe3 16. Rxe3 Nb4 17. Ned4 Ne7 18. a5 Qd8 19. Nd6+ Kf8 20. Qf3 Bg8 21. Nxe6#
1-0

[Event "13sen.WMH 2003 Senioren"]
[Site "Bad Zwischenahn(17.11.-29.11.2003)"]
[Date "2003.11.29"]
[Round "9.22"]
[White "Oelert, Ralf"]
[Black "Sanakoev, Grigory"]
[Result "1-0"]
[WhiteElo "1944"]
[BlackElo "2264"]
[PlyCount "71"]


1. d4 Nf6 2. e3 c5 3. c3 b6 4. Bd3 Bb7 5. f3 Nc6 6. Nd2 e5 7. Ne2 Be7 8. O-O
O-O 9. Qc2 d5 10. Bb5 Bd6 11. Ng3 Ne7 12. Nf5 Nxf5 13. Qxf5 e4 14. dxc5 bxc5
15. fxe4 Nxe4 16. Bd3 g6 17. Qh3 f5 18. Nf3 Qe7 19. Bd2 Rae8 20. Rae1 Qc7 21.
Re2 Qa5 22. Bxe4 dxe4 23. Ng5 h5 24. Be1 Qxa2 25. Bg3 Be7 26. Bf4 Bxg5 27. Bxg5
Ba6 28. Rd2 Bxf1 29. Kxf1 Rf7 30. Qg3 Qe6 31. Rd6 Qc4+ 32. Ke1 Kh7 33. Bf4 Re6
34. Rd8 Qa6 35. Qg5 Qa1+ 36. Rd1 1-0

[Event "13sen.WMH 2003 Senioren"]
[Site "Bad Zwischenahn(17.11.-29.11.2003)"]
[Date "2003.11.29"]
[Round "9.23"]
[White "Joksic, Sinisa"]
[Black "Hoeschele, Hans-Ulrich"]
[Result "1-0"]
[WhiteElo "2271"]
[BlackElo "2080"]
[PlyCount "81"]


1. d4 Nf6 2. c4 c6 3. Nc3 d5 4. Nf3 g6 5. Bf4 a6 6. e3 Bg7 7. h3 O-O 8. c5 b5
9. a4 b4 10. Na2 a5 11. Nc1 Nfd7 12. Nb3 f6 13. Bg3 e5 14. dxe5 fxe5 15. e4 d4
16. Bc4+ Kh8 17. h4 Qe7 18. Qd2 Nxc5 19. h5 gxh5 20. Nxc5 Qxc5 21. Rc1 Qd6 22.
Rxh5 Bg4 23. Nxe5 Bxh5 24. Nf7+ Bxf7 25. Bxd6 Rd8 26. e5 Rxd6 27. exd6 Ra7 28.
Qg5 Bxc4 29. Rxc4 Rf7 30. Qd8+ Rf8 31. Qe7 Kg8 32. Qe6+ Rf7 33. Rc5 Nd7 34. Rf5
Bf6 35. g4 h6 36. f4 Nf8 37. Qb3 Kg7 38. g5 hxg5 39. fxg5 Nd7 40. gxf6+ Nxf6
41. Qg3+ 1-0

[Event "13sen.WMH 2003 Senioren"]
[Site "Bad Zwischenahn(17.11.-29.11.2003)"]
[Date "2003.11.29"]
[Round "9.24"]
[White "Chehlov, Alexander"]
[Black "Winiwarter, Felix,Dr."]
[Result "0-1"]
[WhiteElo "2246"]
[BlackElo "2244"]
[PlyCount "118"]


1. e4 e5 2. f4 exf4 3. Nf3 d5 4. exd5 Nf6 5. Bc4 Nxd5 6. O-O Be7 7. Qe2 Be6 8.
Nc3 Nc6 9. d4 O-O 10. Bxd5 Bxd5 11. Nxd5 Qxd5 12. Bxf4 Bd6 13. Qd2 Rae8 14.
Bxd6 Qxd6 15. Rae1 h6 16. a3 a6 17. c4 Rxe1 18. Rxe1 Rd8 19. d5 Ne7 20. Qf2 Ng6
21. Rf1 Re8 22. Nd4 Qd7 23. h3 Re4 24. Re1 Qe7 25. Nf3 Nf4 26. Rxe4 Qxe4 27.
Nd2 Qe5 28. Nf3 Qe4 29. Nd2 Qe5 30. Nf1 Nd3 31. Qd2 Nxb2 32. c5 Na4 33. Qb4 b5
34. cxb6 Nxb6 35. Qa5 Qxd5 36. Qxa6 Qc5+ 37. Kh2 Qc4 38. Qxc4 Nxc4 39. a4 Kf8
40. Kg3 Ke7 41. Kf4 Kd6 42. Ng3 g6 43. Ne4+ Kc6 44. g4 Nb2 45. Ke5 Nxa4 46. Kf6
Kd5 47. Nd2 Nc5 48. Kxf7 g5 49. Kg6 Ne4 50. Nf3 c5 51. Kxh6 c4 52. Kh5 c3 53.
Ne1 Nd2 54. Nc2 Nf3 55. Kg6 Ke4 56. Kf6 Kd3 57. Nb4+ Kc4 58. Nc2 Kb3 59. Ne3 c2
0-1

[Event "13sen.WMH 2003 Senioren"]
[Site "Bad Zwischenahn(17.11.-29.11.2003)"]
[Date "2003.11.29"]
[Round "9.25"]
[White "Davydov, Mikhail"]
[Black "Wagner, Carl[40USA]"]
[Result "0-1"]
[WhiteElo "2010"]
[BlackElo "2099"]
[PlyCount "78"]


1. e4 c5 2. Nf3 d6 3. d4 cxd4 4. Nxd4 Nf6 5. Nc3 a6 6. f3 e5 7. Nb3 Be6 8. Bg5
Be7 9. Qd2 Nbd7 10. O-O-O O-O 11. h4 b5 12. Kb1 b4 13. Nd5 Bxd5 14. exd5 a5 15.
Qe3 a4 16. Nc1 Ra5 17. Bc4 Qc7 18. Bxf6 Nxf6 19. Qd3 Rc8 20. b3 Nxd5 21. Bxd5
Rxd5 22. Qxd5 Qxc2+ 23. Ka1 e4 24. fxe4 Bf6+ 25. e5 Bxe5+ 26. Qxe5 dxe5 27.
bxa4 Qxa4 28. Rd5 Qc6 29. Rhd1 f5 30. Nb3 Qc3+ 31. Kb1 Qc2+ 32. Ka1 Ra8 33.
Rd8+ Rxd8 34. Rxd8+ Kf7 35. Rd2 Qc3+ 36. Kb1 e4 37. Rc2 Qe1+ 38. Kb2 Qxh4 39.
Nc1 Qg3 0-1

[Event "13sen.WMH 2003 Senioren"]
[Site "Bad Zwischenahn(17.11.-29.11.2003)"]
[Date "2003.11.29"]
[Round "9.26"]
[White "Tchetchelnitski, Boris"]
[Black "Dorawa, Bernhard"]
[Result "1/2-1/2"]
[WhiteElo "2139"]
[BlackElo "1945"]
[PlyCount "82"]


1. d4 Nf6 2. Bg5 Ne4 3. Bf4 d5 4. f3 Nf6 5. Qd3 g6 6. Nc3 Bg7 7. Qd2 O-O 8.
O-O-O c6 9. g4 b5 10. Nb1 Re8 11. h4 Nbd7 12. e4 dxe4 13. fxe4 Nxe4 14. Qg2
Nef6 15. h5 Nd5 16. hxg6 fxg6 17. Bd2 Nf8 18. Nf3 Qd7 19. Rg1 b4 20. Bc4 a5 21.
Ne5 Bxe5 22. dxe5 Ba6 23. Qe2 Bxc4 24. Qxc4 Qe6 25. Rde1 Nc7 26. Re4 Qxc4 27.
Rxc4 Ra6 28. Bh6 Nfe6 29. Nd2 Nd8 30. Re1 Nf7 31. Bf4 Ne6 32. Bg3 Rd8 33. Rce4
Rd5 34. Bh4 Ra7 35. Nc4 Nfg5 36. Bxg5 Nxg5 37. Rf4 Ne6 38. Rfe4 Ng5 39. Rf4 Ne6
40. Rfe4 Ng5 41. Rf4 Ne6 1/2-1/2

[Event "13sen.WMH 2003 Senioren"]
[Site "Bad Zwischenahn(17.11.-29.11.2003)"]
[Date "2003.11.29"]
[Round "9.27"]
[White "Hohler, Peter"]
[Black "Wallhof, Dieter"]
[Result "1/2-1/2"]
[WhiteElo "2168"]
[BlackElo "1986"]
[PlyCount "47"]


1. c4 c5 2. Nc3 Nf6 3. Nf3 d5 4. cxd5 Nxd5 5. d4 Nxc3 6. bxc3 e6 7. e4 cxd4 8.
cxd4 Nc6 9. Be2 Bb4+ 10. Bd2 Qa5 11. Bxb4 Qxb4+ 12. Qd2 O-O 13. Qxb4 Nxb4 14.
O-O Rd8 15. Rfd1 b6 16. a3 Ba6 17. Kf1 Bxe2+ 18. Kxe2 Nc6 19. Rac1 Rac8 20. Rc2
Ne7 21. Rdc1 Rxc2+ 22. Rxc2 Rc8 23. Rxc8+ Nxc8 24. Kd3 1/2-1/2

[Event "13sen.WMH 2003 Senioren"]
[Site "Bad Zwischenahn(17.11.-29.11.2003)"]
[Date "2003.11.29"]
[Round "9.28"]
[White "Ofstad, Per"]
[Black "Baumgartner, Walter,Dr."]
[Result "1-0"]
[WhiteElo "2180"]
[BlackElo "2046"]
[PlyCount "63"]


1. Nf3 Nf6 2. c4 c5 3. Nc3 d5 4. cxd5 Nxd5 5. g3 Nc6 6. Bg2 Nc7 7. O-O e5 8. d3
Be7 9. Bd2 O-O 10. Rc1 Be6 11. b3 f6 12. Na4 Na6 13. Bc3 Rc8 14. Ba1 Qd7 15.
Nc3 Rfd8 16. Re1 Nd4 17. e3 Nc6 18. d4 cxd4 19. exd4 exd4 20. Qe2 Bg4 21. Ne4
f5 22. Qc4+ Qd5 23. Ned2 Bb4 24. Re8+ Kf7 25. Qxd5+ Rxd5 26. Rxc8 Ra5 27. Nc4
Rxa2 28. Nfe5+ Nxe5 29. Nxe5+ Ke6 30. Nxg4 fxg4 31. Bxd4 Bd2 32. Ra1 1-0

[Event "13sen.WMH 2003 Senioren"]
[Site "Bad Zwischenahn(17.11.-29.11.2003)"]
[Date "2003.11.29"]
[Round "9.29"]
[White "Lentze, Ingo,Dr."]
[Black "Gudat, Alfons"]
[Result "1-0"]
[WhiteElo "2072"]
[BlackElo "1986"]
[PlyCount "77"]


1. e4 c5 2. Nf3 Nc6 3. Nc3 e5 4. Bc4 Be7 5. d3 Nf6 6. Ng5 O-O 7. f4 d6 8. O-O
Bg4 9. Qe1 h6 10. Nf3 Be6 11. Nd5 Bxd5 12. Bxd5 Qc7 13. Bxc6 bxc6 14. fxe5 dxe5
15. Qg3 Kh8 16. Qh3 Nh7 17. Kh1 Qd6 18. Qg3 Bf6 19. Be3 c4 20. dxc4 Qb4 21. b3
Qc3 22. Qf2 a5 23. a4 Rfd8 24. Rad1 Nf8 25. Bb6 Rxd1 26. Rxd1 Ne6 27. Qd2 Qb2
28. Bxa5 Bg5 29. Qc3 Qxc3 30. Bxc3 f6 31. Bb4 c5 32. Ba3 Be3 33. Rd6 Re8 34. g3
g5 35. Kg2 Kg7 36. Kf1 g4 37. Nh4 Ng5 38. Nf5+ Kg6 39. Nxe3 1-0

[Event "13sen.WMH 2003 Senioren"]
[Site "Bad Zwischenahn(17.11.-29.11.2003)"]
[Date "2003.11.29"]
[Round "9.30"]
[White "Fahnenschmidt, Gerhard,Dr."]
[Black "Wiesner, Werner"]
[Result "1/2-1/2"]
[WhiteElo "2087"]
[BlackElo "2031"]
[PlyCount "42"]


1. d4 d6 2. e4 c6 3. f4 Qc7 4. Nf3 Bg4 5. Bc4 Nf6 6. Nc3 e5 7. fxe5 dxe5 8.
dxe5 Bxf3 9. Qxf3 Qxe5 10. Bf4 Qd4 11. Bb3 Bb4 12. Rd1 Bxc3+ 13. bxc3 Qxe4+ 14.
Qxe4+ Nxe4 15. O-O O-O 16. Be5 Na6 17. Rd7 Nac5 18. Bxf7+ Kh8 19. Re7 Rad8 20.
Bd4 Rd7 21. Re8 Rd8 1/2-1/2

[Event "13sen.WMH 2003 Senioren"]
[Site "Bad Zwischenahn(17.11.-29.11.2003)"]
[Date "2003.11.29"]
[Round "9.30"]
[White "Szczepaniec, Stanislaw"]
[Black "Rudnik, Heinz"]
[Result "1-0"]
[WhiteElo "2206"]
[BlackElo "1996"]
[PlyCount "61"]


1. e4 c5 2. Nc3 Nc6 3. g3 g6 4. Bg2 Bg7 5. d3 d6 6. Be3 Nf6 7. h3 O-O 8. Nge2
e5 9. O-O Nd4 10. Nd5 Nxd5 11. exd5 f5 12. f4 Nxe2+ 13. Qxe2 exf4 14. Bxf4 Bxb2
15. Rab1 Bc3 16. Rb3 Re8 17. Qf3 Bd4+ 18. Kh2 b6 19. Rbb1 Bb7 20. Rfe1 Qf6 21.
h4 Bc3 22. Bg5 Qf7 23. Re6 Qf8 24. Qf4 Be5 25. Qa4 Rxe6 26. dxe6 Bxg2 27. Kxg2
Re8 28. Qxa7 Qg7 29. Qd7 Qf8 30. a4 h6 31. Bxh6 1-0